| 000 | 01801nam a2200493 i 4500 | ||
|---|---|---|---|
| 001 | xx005921263 | ||
| 003 | NUKAT | ||
| 005 | 20260421133959.0 | ||
| 008 | 260413s2026 pl a |010 0 pol c | ||
| 020 |
_a9788367593038 _q(oprawa miękka) : _cegzemplarz bezpłatny |
||
| 035 | _a(NUKAT)xx005921263 | ||
| 040 |
_aOLSZT 008/bak _bpol _erda _cOLSZT 008/bak |
||
| 045 | 2 |
_bd1886 _bd1939 |
|
| 046 | _k2026 | ||
| 100 | 1 |
_aRaińska, Kinga. _eAutor _940369 |
|
| 245 | 1 | 0 |
_a"Gazeta Olsztyńska" 1886-1939 : _bw 140. rocznicę pierwszego numeru / _copracowanie merytoryczne Kinga Raińska. |
| 260 |
_aOlsztyn : _bMuzeum Warmii i Mazur w Olsztynie, _c2026. |
||
| 300 |
_a36 stron : _bilustracje ; _c30 cm. |
||
| 336 |
_aTekst _btxt _2rdacontent |
||
| 337 |
_aBez urządzenia pośredniczącego _bn _2rdamedia |
||
| 338 |
_aWolumin _bnc _2rdacarrier |
||
| 380 | _aKsiążki | ||
| 380 | _aPublikacje popularnonaukowe | ||
| 388 | 1 | _a2001- | |
| 500 | _aOpis częściowo według okładki. | ||
| 630 | 0 | 7 |
_aGazeta Olsztyńska (1886-1939) _2DBN _940375 |
| 648 | 7 |
_a1801-1900 _2DBN _936037 |
|
| 648 | 7 |
_a1901-2000 _2DBN _934996 |
|
| 648 | 7 |
_a1901-1914 _2DBN _936038 |
|
| 648 | 7 |
_a1914-1918 _2DBN _936040 |
|
| 648 | 7 |
_a1918-1939 _2DBN _936041 |
|
| 650 | 7 |
_aCzasopismo polskie _2DBN _939088 |
|
| 650 | 7 |
_aGazeta _2DBN _940376 |
|
| 651 | 7 |
_aOlsztyn (woj. warmińsko-mazurskie) _2DBN _935996 |
|
| 655 | 7 |
_aBroszura _2DBN _934954 |
|
| 655 | 7 |
_aOpracowanie _2DBN _935024 |
|
| 655 | 7 |
_aPublikacja bogato ilustrowana _2DBN _935165 |
|
| 655 | 7 |
_aPublikacja okolicznościowa _2DBN _936813 |
|
| 658 | _aHistoria | ||
| 658 | _aMedia i komunikacja społeczna | ||
| 710 | 2 |
_aMuzeum Warmii i Mazur (Olsztyn). _eWydawca _4pbl _911735 |
|
| 920 | _a978-83-67593-03-8 (oprawa miękka) : egzemplarz bezpłatny | ||
| 942 |
_2ddc _cBK_NM |
||
| 999 |
_c27713 _d27713 |
||